Travailler

Αυτό το ντοκιμαντέρ έχει σαν σκοπό να κάνει γνωστό στο ευρύ κοινό την κοινωνική και πολιτιστική διάσταση των αντικειμένων που μας περιβάλλουν. Πρόκειται για μία διερευνητική παρατήρηση πάνω στην μετάλλξη και την εξέλιξη του περιβάλλοντα χώρου μας και των αντικειμένων του....

Πλήρης περιγραφή

Αποθηκεύτηκε σε:
Λεπτομέρειες βιβλιογραφικής εγγραφής
Συγγραφή απο Οργανισμό/Αρχή: Centre Georges Pompidou
Μορφή: Βίντεο VHS
Γλώσσα:French
Δημοσίευση: Paris : Centre Georges Pompidou, c1999
Σειρά:Histoires d' objets
Θέματα:
Ετικέτες: Προσθήκη ετικέτας
Δεν υπάρχουν, Καταχωρήστε ετικέτα πρώτοι!

MARC

LEADER 00000 gm a2200000 i 4500
001 1/84955
007 vf cbaho
008 050907s1999 fr freod
020 |a 2-84426-028-4 
035 |l 10080152 
040 |a GR-MY-UA  |b gre  |e aacr 
041 0 |a fre 
082 0 |a 745.2  |2 (22) 
245 1 0 |a Travailler  |h [μαγνητοσκόπηση] /  |c Centre Georges Pompidou 
260 |a Paris :   |b Centre Georges Pompidou,   |c c1999 
300 |a 1 βιντεοκασέτα (51 λεπτ.);  |b ομιλ., έγχρ.;  |c 1/2 ιν. 
490 1 |a Histoires d' objets 
500 |a Ντοκιμαντέρ 
500 |a VHS 
508 |a Βασισμένο και γραμμένο από τον Francoise Darmon; Σκηνοθέτης: Olivier Megaton 
511 |a Συνεντέυξεις από τους Gaetano Pesce, Ross Lovegrove, Jean Nouvel, Jonathan Ive, Antonio Citterio, Michele de Lucchi 
520 |a Αυτό το ντοκιμαντέρ έχει σαν σκοπό να κάνει γνωστό στο ευρύ κοινό την κοινωνική και πολιτιστική διάσταση των αντικειμένων που μας περιβάλλουν. Πρόκειται για μία διερευνητική παρατήρηση πάνω στην μετάλλξη και την εξέλιξη του περιβάλλοντα χώρου μας και των αντικειμένων του. 
650 0 0 |a Industrial design. 
650 0 0 |a Industrial designers  |x Interviews. 
650 0 0 |a Offices  |x Design. 
650 0 0 |a Office furniture  |x Design. 
650 0 0 |a Office decoration. 
710 2 |a Centre Georges Pompidou. 
830 0 |a Histoires d' objets 
852 |a INST  |b SYROS  |c AV  |e 20050907  |h 745.2 TRA  |p 005500005317  |q 005500005317  |t VC  |y 23 
901 |a BIBL5-2004-3 
909 |a Ε  |b 117099 
920 |a ΔΙΕΥΡΥΝΣΗ  |b ΕΠΕΑΕΚ-ΤΜΣΠΣ  |y ΣΥΡΟΣ  |z 2004-10 
970 |a ΚΟΝΤΟΥ  |b ΠΑΡΑΣΚΕΥΗ  |z 2005/09/07